| 000 | 00000nam 2200000zi 4500 |
| 001 | 9.898750 |
| 003 | CaOODSP |
| 005 | 20221107174928 |
| 006 | m o d f |
| 007 | cr ||||||||||| |
| 008 | 210415t20212021onc o f000 0 eng d |
| 020 | |a9780660384733 |
| 040 | |aCaOODSP|beng|erda|cCaOODSP |
| 043 | |an-cn--- |
| 086 | 1 |aR5-772/1-2021E-PDF |
| 245 | 00|aFederal pathway to address missing and murdered Indigenous women, girls and 2SLGBTQQIA+ people. |
| 264 | 1|a[Ottawa] : |bGovernment of Canada = Gouvernement du Canada, |c2021. |
| 264 | 4|c©2021 |
| 300 | |a1 online resource (29 pages) |
| 336 | |atext|btxt|2rdacontent |
| 337 | |acomputer|bc|2rdamedia |
| 338 | |aonline resource|bcr|2rdacarrier |
| 500 | |aTitle from cover. |
| 500 | |aIssued also in French under title: Voie fédérale concernant les femmes, les filles et les personnes 2ELGBTQQIA+ autochtones disparues et assassinées. |
| 500 | |aIssued also in HTML format. |
| 650 | 0|aIndigenous peoples|xCrimes against|zCanada. |
| 650 | 0|aIndigenous women|xViolence against|zCanada. |
| 650 | 0|aIndigenous children|xViolence against|zCanada. |
| 650 | 0|aSexual minorities|xViolence against|zCanada. |
| 710 | 1 |aCanada. |bCrown-Indigenous Relations and Northern Affairs Canada, |eissuing body. |
| 775 | 08|tVoie fédérale concernant les femmes, les filles et les personnes 2ELGBTQQIA+ autochtones disparues et assassinées (rapport).|w(CaOODSP)9.898751 |
| 856 | 40|qPDF|s1.41 MB|uhttps://publications.gc.ca/collections/collection_2021/sac-isc/R5-772-1-2021-eng.pdf |
| 856 | 4 |qHTML|sN/A|uhttps://www.rcaanc-cirnac.gc.ca/eng/1622233286270/1622233321912 |